Statistiques concernant Les villes les plus peuplées d'Italie

Cliquez ici pour prendre le quiz!

Statistiques générales

  • Ce quiz a été pris 348 fois
  • Le résultat moyen est 10 sur 15

Statistiques - réponses

PopulationVille% Correct
2,318,895Rome
100%
1,236,837Milan
98%
959,470Naples
98%
870,456Turin
97%
349,296Florence
92%
648,260Palerme
86%
580,223Gênes
84%
366,133Bologne
74%
277,387Bari
64%
290,927Catane
53%
219,103Vérone
53%
187,056Trieste
41%
203,725Padoue
28%
219,948Messine
26%
184,826Brescia
20%

Distribution des résultats

Percentile par nombre de réponses

% des personnes avec chaque résultat

Votre développement - résultats

Vous n’avez pas pris ce quiz